000 01575nam a22003737a 4500
003 CHAP
005 20220329135555.0
008 971013c19781970 r 00010 d
010 _a38728
011 _a39700
035 _a43825
040 _cCHAP
082 _a544
_bA9Y 1968
100 0 0 _aAyres, Gilbert H.
_99023
245 _aAnálisis químico cuantitativo
260 _aMéxico, D.F. :
_bHarla,
_c1978 (c.1970)
300 _a740 p
500 _aTrad, de la 2ed. en inglés de 1968
590 _aBATCH-UPD
_b10
_c20130110
_lUCH01
_h0005
590 _aBATCH-UPD
_b10
_c20130110
_lUCH01
_h1942
590 _aBATCH-UPD
_b10
_c20130410
_lUCH01
_h1305
590 _aBATCH-UPD
_b10
_c20130914
_lUCH01
_h0502
590 _aCONVERSION
_b10
_c20130109
_lUCH01
_h1322
650 1 4 _aQuímica analítica cuantitativa.
_993587
901 _aBK
942 _cLIBRO
949 _a544 A9Y 1968
_bBC
_cLIBRO
_d-100265
_eLIBRO
_h9693
_i43825
_si
_t495.00
949 _a544 A9Y 1968
_bBC
_cLIBRO
_d-100266
_eLIBRO
_fc.2
_h9694
_i43825
_si
_t495.00
949 _a544 A9Y 1968
_bBC
_cLIBRO
_d33724000832382
_eLIBRO
_fc.6
_h64154
_i43825
_si
_t495.00
949 _a544 A9Y 1968
_bBC
_cLIBRO
_d33724000906202
_eLIBRO
_fc.3
_h57819
_i43825
_si
_t495.00
949 _a544 A9Y 1968
_bBC
_cLIBRO
_d33724000936811
_eLIBRO
_fc.7
_gI.c/e
_h78343
_i43825
_mEste ejemplar ha sido extraviado y sustituido por la copia 3 del registro bib. 106256
_si
_t36.90
949 _a544 A9Y 1968
_bBC
_cLIBRO
_d33724000940177
_eLIBRO
_fc.4
_h64152
_i43825
_si
_t495.00
949 _a544 A9Y 1968
_bBC
_cLIBRO
_d33724002009728
_eLIBRO
_fc.5
_h64153
_i43825
_si
_t495.00
999 _c38728
_d38728